Anciens noms de villes - Statistiques

Statistiques générales
  • Ce quiz a été pris 215 fois
  • Le résultat moyen est 8 sur 18
Statistiques - réponses
Ancien nom Nouveau nom % Correct
Leningrad Saint-Pétersbourg
90%
Londinium Londres
86%
Byzantium Istanbul
83%
New Amsterdam New York City
81%
Saigon Ho-Chi-Minh-ville
73%
Bucureșci Bucarest
72%
Léopoldville Kinshasa
64%
Danzig Gdańsk
49%
Ancyra Ankara
48%
Brunei Town Bandar Seri Begawan
43%
Christiania Oslo
31%
Rangoun Yangon
24%
Poona Pune
11%
Fort Nashborough Nashville
8%
Halikarnassos Bodrum
6%
Yerba Buena San Francisco
5%
Temasek Singapour
4%
Mahmood pur Lahore
2%
Aucun quiz correspondant
Distribution des résultats
% des personnes avec chaque résultat
Percentile par nombre de réponses
Votre historique - résultats
Vous n’avez pas pris ce quiz